[Event "Mechanics' Fall TNM; 30/90, SD/30"]
[Site "San Francisco"]
[Date "2010.11.23"]
[Round "6.4"]
[White "Wong, Russell"]
[Black "Manvelyan, Hayk"]
[Result "0-1"]
[WhiteElo "2200"]
[BlackElo "2167"]
[PlyCount "120"]
[EventDate "2010.??.??"]

1. e4 c6 2. d4 d5 3. Nc3 dxe4 4. Nxe4 Nf6 5. Nxf6+ gxf6 6. Nf3 Bg4 7. Be2 e6 8.
Be3 Bd6 9. Qd2 Nd7 10. O-O-O Qe7 11. Rhe1 O-O-O 12. d5 cxd5 13. Bxa7 Bxf3 14.
Qc3+ Bc7 15. Bxf3 Ne5 16. Be2 Nc6 17. Bc5 Bd6 18. Bxd6 Rxd6 19. Qa3 Kb8 20. Kb1
Rc8 21. Bb5 Qc7 22. c3 Na7 23. Bd3 Rb6 24. g3 f5 25. Rc1 Nb5 26. Bxb5 Rxb5 27.
Rcd1 Qxc3 28. Qxc3 Rxc3 29. Rd4 {remainder illegible} Rc4 30. Rxc4 dxc4 31. Kc2
Kc7 32. Kc3 Kc6 33. Re2 Rc5 34. Re3 Rd5 35. Rf3 Kc5 36. Rf4 Rd3+ 37. Kc2 b5 38.
b3 cxb3+ 39. axb3 Rd4 40. Rf3 Kb4 41. Re3 Re4 42. Rf3 Re2+ 43. Kc1 Ka3 44. h3
Rb2 45. b4+ Rb3 46. Rf4 Rxb4 47. Rf3+ Ka2 48. Rd3 Rc4+ 49. Kd2 b4 50. Rd7 b3
51. Ra7+ Kb1 52. Rxf7 b2 53. Rb7 Rc2+ 54. Kd1 Rxf2 55. Rxh7 Rf3 56. g4 fxg4 57.
hxg4 Rd3+ 58. Ke2 Rd4 59. Kf3 Kc2 60. Rh2+ Rd2 0-1

[Event "Mechanics' Fall TNM; 30/90, SD/30"]
[Site "San Francisco"]
[Date "2010.12.14"]
[Round "9.4"]
[White "Wong, Russell"]
[Black "Rumph, Todd"]
[Result "0-1"]
[WhiteElo "2200"]
[BlackElo "2051"]
[PlyCount "72"]
[EventDate "2010.??.??"]

1. e4 c6 2. d4 d5 3. e5 Bf5 4. Nf3 e6 5. Nbd2 c5 6. Nb3 cxd4 7. Nbxd4 Bg4 8. h3
Bxf3 9. Nxf3 Nc6 10. Bd3 Bc5 11. O-O Nge7 12. Bf4 a5 13. c3 Qb6 14. Qe2 Ng6 15.
Bg3 O-O 16. h4 Rfc8 17. Ng5 Nce7 18. Nxh7 Kxh7 19. h5 Nf5 20. hxg6+ fxg6 21.
Bf4 Be7 22. g3 Rh8 23. Kg2 Kg8 24. Rh1 Kf7 25. Be3 Qc6 26. Qf3 Rxh1 27. Rxh1
Kg8 28. g4 Nh4+ 29. Rxh4 Bxh4 30. Bxg6 Rf8 31. Qh3 d4+ 32. f3 dxe3 33. Be4 Qxe4
34. fxe4 Rf2+ 35. Kg1 e2 36. Qe3 Rf1+ 0-1

[Event "Mechanics' Fall TNM; 30/90, SD/30"]
[Site "San Francisco"]
[Date "2010.10.20"]
[Round "1.3"]
[White "Wong, Russell"]
[Black "Salvo, Tab"]
[Result "1-0"]
[WhiteElo "2200"]
[BlackElo "1762"]
[PlyCount "57"]
[EventDate "2010.??.??"]

1. e4 c5 2. Nf3 d6 3. d4 cxd4 4. Nxd4 Nf6 5. Nc3 a6 6. Bg5 e6 7. Qd2 Be7 8.
O-O-O Bd7 9. f3 Nc6 10. Nxc6 Bxc6 11. Bxf6 gxf6 12. Kb1 b5 13. Bd3 Qb6 14. Rhe1
b4 15. Ne2 d5 16. Nf4 dxe4 17. Bxe4 Rd8 18. Bxc6+ Qxc6 19. Qe3 O-O 20. Nh5 Kh8
21. Qh6 Rg8 22. Nxf6 Rxd1+ 23. Rxd1 Rg7 24. Nh5 Rg8 25. Qf4 Qc5 26. Qxf7 Rg6
27. Qe8+ Rg8 28. Qd7 Rg6 29. Nf4 1-0

[Event "Mechanics' Fall TNM; 30/90, SD/30"]
[Site "San Francisco"]
[Date "2010.12.14"]
[Round "9.3"]
[White "Zavadsky, Peter"]
[Black "Grey, Peter"]
[Result "1-0"]
[WhiteElo "2290"]
[BlackElo "2016"]
[PlyCount "61"]
[EventDate "2010.??.??"]

1. d4 Nf6 2. c4 g6 3. Nc3 d5 4. Nf3 Bg7 5. Bg5 dxc4 6. e3 Be6 7. Ne5 Nd5 8. Bh4
Nxc3 9. bxc3 Bxe5 10. dxe5 Qxd1+ 11. Rxd1 Nc6 12. f4 O-O 13. Be2 Rfd8 14. O-O
Kg7 15. Bf3 f6 16. exf6+ exf6 17. e4 Rd3 18. Rb1 Rb8 19. e5 Bd5 20. Bxf6+ Kf7
21. Bxd5+ Rxd5 22. Rfd1 Rxd1+ 23. Rxd1 Ke6 24. g4 b5 25. Rf1 b4 26. f5+ gxf5
27. gxf5+ Kf7 28. cxb4 Nxb4 29. Bh4 Rg8+ 30. Kh1 Rg4 31. e6+ 1-0

[Event "Mechanics' Fall TNM; 30/90, SD/30"]
[Site "San Francisco"]
[Date "2010.11.02"]
[Round "3.1"]
[White "Zavadsky, Peter"]
[Black "Rumph, Todd"]
[Result "1-0"]
[WhiteElo "2290"]
[BlackElo "2051"]
[PlyCount "57"]
[EventDate "2010.??.??"]

1. d4 d5 2. c4 dxc4 3. Nf3 Nf6 4. e3 e6 5. Bxc4 c5 6. O-O a6 7. Qe2 b5 8. Bb3
Bb7 9. Rd1 Qb6 10. Nc3 Be7 11. e4 cxd4 12. Nxd4 Nc6 13. Nxc6 Qxc6 14. f3 O-O
15. Be3 Bc5 16. Rac1 Qb6 17. Kf2 Rac8 18. Bxc5 Qxc5+ 19. Qe3 Qe5 20. Kg1 b4 21.
Na4 Nd5 22. Bxd5 Bxd5 23. Nb6 Rxc1 24. Rxc1 Bxa2 25. Nd7 Qxb2 26. Nxf8 Kxf8 27.
Rc8+ Ke7 28. Qg5+ Qf6 29. Qc5+ 1-0

[Event "Mechanics' Fall TNM; 30/90, SD/30"]
[Site "San Francisco"]
[Date "2010.11.16"]
[Round "5.1"]
[White "Zavadsky, Peter"]
[Black "Traub, Igor"]
[Result "1-0"]
[WhiteElo "2290"]
[BlackElo "2119"]
[PlyCount "69"]
[EventDate "2010.??.??"]

1. e4 e6 2. d4 d5 3. Nc3 Bb4 4. e5 c5 5. a3 Bxc3+ 6. bxc3 Ne7 7. Nf3 Qa5 8. Qd2
Nbc6 9. Bd3 O-O 10. O-O c4 11. Be2 Ng6 12. a4 f6 13. Ba3 Rf7 14. exf6 Rxf6 15.
Bd6 Bd7 16. Rfb1 Qa6 17. Bg3 Raf8 18. Qe3 Nce7 19. Qd2 Nc6 20. Bd6 Re8 21. Bc5
h6 22. Bf1 Nce7 23. a5 Nc6 24. Be2 Nxa5 25. h4 Rc8 26. h5 Nf4 27. Ne5 Be8 28.
Be7 Nxe2+ 29. Qxe2 Rf4 30. g3 Rf5 31. g4 Rf4 32. Qe3 Re4 33. Qf3 b6 34. g5 Qb7
35. Qf8+ 1-0

[Event "Mechanics' Fall TNM; 30/90, SD/30"]
[Site "San Francisco"]
[Date "2010.10.20"]
[Round "1.1"]
[White "Zavadsky, Peter"]
[Black "Trestor, David"]
[Result "1-0"]
[WhiteElo "2290"]
[BlackElo "1790"]
[PlyCount "47"]
[EventDate "2010.??.??"]

1. Nf3 c5 2. c4 g6 3. g3 Nc6 4. Bg2 Bg7 5. O-O Nf6 6. Nc3 O-O 7. d4 cxd4 8.
Nxd4 Qb6 9. Nb3 d6 10. Bg5 Be6 11. Nd5 Bxd5 12. cxd5 Ne5 13. e4 Rac8 14. Qe2 a6
15. Rfc1 e6 16. dxe6 fxe6 17. Be3 Qb4 18. Nd4 Kf7 19. Bh3 Rxc1+ 20. Rxc1 Nc6
21. Bxe6+ Ke8 22. Nxc6 Qxe4 23. Nd4 Ng4 24. Rc8+ 1-0

[Event "Mechanics' Fall TNM; 30/90, SD/30"]
[Site "San Francisco"]
[Date "2010.11.23"]
[Round "6.21"]
[White "Zhang, Jeffrey"]
[Black "Clarke, Steven"]
[Result "1-0"]
[WhiteElo "1607"]
[BlackElo "1492"]
[PlyCount "52"]
[EventDate "2010.??.??"]

1. d4 d5 2. Nf3 Nf6 3. Bf4 e6 4. e3 c5 5. c3 Nc6 6. Bd3 Nh5 7. Bg5 Be7 8. Bxe7
Qxe7 9. Nbd2 Nf6 10. O-O O-O 11. Rc1 Bd7 12. Bb1 cxd4 13. exd4 Rad8 14. Re1 Qd6
15. Ne5 Qb8 16. Ndf3 Be8 17. Qd3 Ne7 18. Ng5 g6 19. Qh3 Nf5 20. Bxf5 exf5 21.
Qh6 Qc7 22. Re3 Bc6 23. Rh3 Rfe8 24. Nxh7 Nxh7 25. Qxh7+ Kf8 26. Nxg6+ fxg6 1-0

[Event "Mechanics' Fall TNM; 30/90, SD/30"]
[Site "San Francisco"]
[Date "2010.11.09"]
[Round "4.25"]
[White "Zhang, Jeffrey"]
[Black "Thomas, Melvin"]
[Result "0-1"]
[WhiteElo "1607"]
[BlackElo "1613"]
[PlyCount "48"]
[EventDate "2010.??.??"]

1. d4 d5 2. Nf3 e6 3. Bf4 c6 4. e3 Nf6 5. Bd3 Nbd7 6. Nbd2 Be7 7. h3 a6 8. c3
c5 9. O-O b5 10. Rc1 Bb7 11. Ne5 Nb6 12. Ndf3 Nc4 13. Nxc4 dxc4 14. Bb1 O-O 15.
Ne5 Be4 16. Bxe4 Nxe4 17. Nc6 Qd7 18. Nxe7+ Qxe7 19. dxc5 Qxc5 20. Qg4 h5 21.
Qf3 Nd2 22. Qd1 Nxf1 23. Kxf1 Rfd8 24. Qc2 Qd5 0-1